Catalog

Record Details

Catalog Search



Encyklika Spe salvi papeže Benedikta XVI. o křesťanské naději  Cover Image Book Book

Encyklika Spe salvi papeže Benedikta XVI. o křesťanské naději / [překlad Prokop Brož]

Record details

  • ISBN: 978-80-86949-41-3
  • Physical Description: 63 s. ; 20 cm
  • Edition: 1. vyd.
  • Publisher: Praha : Paulínky, 2008

Content descriptions

General Note:
Přeloženo z latiny?
Pod názvem: Česká biskupská konference
Bibliography, etc. Note:
Obsahuje bibliografické odkazy
Subject: Katolická církev. Papež (2005-2013 : Benedikt XVI.). Spe salvi
naděje > křesťanské pojetí
spása > křesťanské pojetí
křesťanská víra
učení katolické církve > 21. století
papežské dokumenty > 2001-2010
hope > Christian approach
salvation > Christian approach
Christian faith
Catholic doctrine > 21st century
papal documents > 2001-2010
Genre: encykliky
papal documents

Available copies

  • 1 of 1 copy available at Common Catalog SPOK.

Holds

  • 0 current holds with 1 total copy.
Show Only Available Copies
Location Call Number / Copy Notes Barcode Shelving Location Status Due Date
Jabok Library EK-4.1.2 424480021317 Odborná literatura Available -

Electronic resources

Version of Resource: Obsah


LDR 02384nam a2200637 a 4500
0012777
003CZ-PrJAB
00520160216161517.0
007ta
008080516s2008 xr e 000 0 cze
015 . ‡acnb001804597
020 . ‡a978-80-86949-41-3 ‡q(brož.) : ‡cKč 52,00
035 . ‡a(CZ PrNK)nkc20081804597
035 . ‡a(OCoLC)237193861
040 . ‡aOLA001 ‡bcze ‡dABA001
0411 . ‡acze ‡hlat
045 . ‡ay0y0
072 7. ‡a27-1/-2 ‡xKřesťanská teologie. Dogmatická teologie ‡2Konspekt ‡95
080 . ‡a27-423.79 ‡2MRF
080 . ‡a27-185.5 ‡2MRF
080 . ‡a27-184.3 ‡2MRF
080 . ‡a272-1/-9 ‡2MRF
080 . ‡a272-732.2-284/-285 ‡2MRF
080 . ‡a27 ‡2MRF
080 . ‡a(093.2) ‡2MRF
1102 . ‡aKatolická církev. ‡bPapež (2005-2013 : Benedikt XVI.) ‡7ko2007248572
24010. ‡aSpe salvi. ‡lČesky ‡7kon2010563425
24510. ‡aEncyklika Spe salvi papeže Benedikta XVI. o křesťanské naději / ‡c[překlad Prokop Brož]
2461 . ‡iNázev v prelimináriích a tiráži: ‡aEncyklika Spe salvi
24630. ‡aSpe salvi
24630. ‡aO křesťanské naději
250 . ‡a1. vyd.
260 . ‡aPraha : ‡bPaulínky, ‡c2008
300 . ‡a63 s. ; ‡c20 cm
500 . ‡aPřeloženo z latiny?
500 . ‡aPod názvem: Česká biskupská konference
504 . ‡aObsahuje bibliografické odkazy
61027. ‡aKatolická církev. ‡bPapež (2005-2013 : Benedikt XVI.). ‡tSpe salvi ‡7kon2007462373 ‡2czenas
648 4. ‡a2007
648 7. ‡a21. století ‡7ch460559 ‡2czenas
65007. ‡anaděje ‡7ph123158 ‡xkřesťanské pojetí ‡2czenas
65007. ‡aspása ‡7ph162849 ‡xkřesťanské pojetí ‡2czenas
65007. ‡akřesťanská víra ‡7ph122113 ‡2czenas
65007. ‡aučení katolické církve ‡7ph135482 ‡y21. století ‡2czenas
65007. ‡apapežské dokumenty ‡7ph123940 ‡y2001-2010 ‡2czenas
65009. ‡ahope ‡xChristian approach ‡2eczenas
65009. ‡asalvation ‡xChristian approach ‡2eczenas
65009. ‡aChristian faith ‡2eczenas
65009. ‡aCatholic doctrine ‡y21st century ‡2eczenas
65009. ‡apapal documents ‡y2001-2010 ‡2eczenas
655 7. ‡aencykliky ‡7fd132198 ‡2czenas
655 9. ‡apapal documents ‡2eczenas
7000 . ‡aBenedikt ‡bXVI., ‡cpapež, ‡d1927- ‡7jn20000604572 ‡4aut
85641. ‡yObsah ‡uhttp://toc.nkp.cz/NKC/200806/contents/nkc20081804597_1.pdf
910 . ‡aABG312
901 . ‡a2777 ‡bUnknown ‡c2777 ‡tbiblio

Additional Resources